| 000 | 00428nam a2200169Ia 4500 | ||
|---|---|---|---|
| 008 | 230524s9999 xx 000 0 und d | ||
| 082 |
_a5.133 _bREI |
||
| 100 |
_aHugh E.Williams _924007 |
||
| 245 | 0 | _aWeb Database Applications with PHP & MySQL | |
| 250 | _a1ST | ||
| 260 |
_aNEW DELHI _bSPD _c2002 |
||
| 300 | _aVII;551 | ||
| 500 | _aQuantity Number: 1 | ||
| 650 | _aComp-Sc | ||
| 700 |
_a David Lane _924008 |
||
| 942 | _cBK | ||
| 999 |
_c35556 _d35556 |
||